| 000 | 01245nam a2200313Ia 4500 | ||
|---|---|---|---|
| 001 | ebr10138636 | ||
| 003 | CaPaEBR | ||
| 006 | m u | ||
| 007 | cr cn||||||||| | ||
| 008 | 060112s2006 maua fsb 001 0 eng d | ||
| 020 | _z0750678879 (cloth : alk. paper) | ||
| 020 | _z0080457975 | ||
| 024 | 3 | _z9780750678872 | |
| 040 |
_aCaPaEBR _cCaPaEBR |
||
| 035 | _a(OCoLC)647549125 | ||
| 050 | 1 | 4 |
_aTP482 _b.J43 2006eb |
| 100 | 1 | _aJha, A. R. | |
| 245 | 1 | 0 |
_aCryogenic technology and applications _h[electronic resource] / _cA.R. Jha, Ph.D. |
| 260 |
_aBurlington, MA : _bButterworth-Heinemann, _cc2006. |
||
| 300 |
_axxi, 267 p. : _bill., diagrs., tables. |
||
| 500 | _a"Butterworth-Heinemann is an imprint of Elsevier." | ||
| 504 | _aIncludes bibliographical references and index. | ||
| 533 |
_aElectronic reproduction. _bPalo Alto, Calif. : _cebrary, _d2009. _nAvailable via World Wide Web. _nAccess may be limited to ebrary affiliated libraries. |
||
| 650 | 0 | _aLow temperature engineering. | |
| 650 | 0 | _aChemistry, Technical. | |
| 655 | 7 |
_aElectronic books. _2local |
|
| 710 | 2 | _aebrary, Inc. | |
| 856 | 4 | 0 |
_uhttp://site.ebrary.com/lib/rucke/Doc?id=10138636 _zAn electronic book accessible through the World Wide Web; click to view |
| 999 |
_c185408 _d185408 |
||